[Event "Chicago opI"]
[Site "Chicago"]
[Date "1992.??.??"]
[Round "4"]
[White "Wachtel, Robert"]
[Black "Remlinger, Larry"]
[Result "0-1"]
[WhiteElo "2350"]
[BlackElo "2340"]

1.d4 Nf6 2.Nf3 g6 3.c4 Bg7 4.Nc3 d6 5.e4 O-O 6.Be2 e5 7.dxe5 dxe5 8.Qxd8 Rxd8
9.Bg5 c6 10.Nxe5 Re8 11.O-O-O Na6 12.Rd6 Nh5 13.Nd3 Bf8 14.Rd4 Ng7 15.Nf4 Bc5
16.Rd3 Bxf2 17.Rhd1 Bb6 18.Bf3 Nc5 19.R3d2 Nge6 20.Bh6 Nxf4 21.Bxf4 Ne6 22.Bh6 Bc7
23.g3 Be5 24.Ne2 b6 25.Nf4 Nc5 26.Kc2 a5 27.Nd3 Nxd3 28.Rxd3 Be6  0-1

[Event "Chicago opI"]
[Site "Chicago"]
[Date "1992.??.??"]
[Round "7"]
[White "Pelts, Roman"]
[Black "Karklins, Andrew"]
[Result "0-1"]
[WhiteElo "2430"]
[BlackElo "2320"]

1.c4 Nf6 2.Nc3 g6 3.e4 d6 4.d4 Bg7 5.Be2 O-O 6.Nf3 e5 7.O-O Nh5 8.dxe5 dxe5
9.Qxd8 Rxd8 10.Nd5 Rd7 11.Bg5 h6 12.Be3 c6 13.Nc3 Nf4 14.Rfd1 Nxe2+ 15.Nxe2 Na6
16.Rxd7 Bxd7 17.Rd1 Be6 18.b3 f5 19.Nc3 Kf7 20.Kf1 f4 21.Bc1 Nb4 22.Ba3 a5
23.Rd2 g5 24.h3 Re8 25.Na4 Bc8 26.Nb6 Be6 27.Nd7 Kg8 28.Nc5 Bc8 29.Bxb4 axb4
30.Nd3 Bf8 31.Nfxe5 Bg7 32.f3 c5 33.Ng4 h5 34.Ngf2 Bc3 35.Rd1 b6 36.Nc1 Kf7
37.Rd6 Re6 38.Rxe6 Kxe6 39.Ne2 Bd2 40.Nd3 h4 41.Nec1 Ba6 42.Ke2 Be3 43.Kd1 b5
44.Nb2 Ke5 45.Ncd3+ Kd4 46.Kc2 Bg1 47.cxb5 Bxb5 48.Nc4 Bxc4 49.bxc4 Kxc4
50.Ne5+ Kd4 51.Nf7 c4 52.Nxg5 Ke5 53.Nf7+ Ke6 54.Nh6 Bd4 55.Ng4 Bg7 56.Nh2 Ke5
57.Nf1 Kd4 58.Nd2 Be5 59.Nf1 Bb8 60.Nh2 Ke3 61.Ng4+ Ke2 62.Nh6 Kf2 63.Nf5 Kxg2
64.Nxh4+ Kxh3 65.Ng6 Kg3 66.e5 Kxf3 67.e6 Bd6 68.e7 Bxe7 69.Nxe7 Ke2 70.a3 bxa3
71.Kb1 f3 72.Nf5 f2 73.Ng3+ Ke1 74.Ka2 c3 75.Kb3 a2 76.Kxa2 c2 77.Kb2 Kd1  0-1

[Event "Chicago opI"]
[Site "Chicago"]
[Date "1992.??.??"]
[Round "9"]
[White "Bonin, Jay R"]
[Black "Remlinger, Larry"]
[Result "1-0"]
[WhiteElo "2400"]
[BlackElo "2340"]

1.d4 Nf6 2.c4 g6 3.Nc3 Bg7 4.e4 d6 5.Nf3 O-O 6.Be2 e5 7.O-O exd4 8.Nxd4 Re8
9.f3 c6 10.Kh1 Nbd7 11.Bg5 h6 12.Be3 a6 13.Qd2 h5 14.Nb3 Ne5 15.Rfd1 Be6
16.Qxd6 Qxd6 17.Rxd6 Bxc4 18.Na5 Bxe2 19.Nxe2 Red8 20.Rad1 Rxd6 21.Rxd6 Ne8
22.Rd1 b5 23.b3 Bf6 24.h3 Rd8 25.Rxd8 Bxd8 26.Nb7 Be7 27.Bc5 Kf8 28.Nd4 g5
29.Nf5 Bxc5 30.Nxc5 Nc7 31.h4 f6 32.Kg1 Ng6 33.b4 Kf7 34.Kf2 gxh4 35.Ke3 Nf8
36.Nd4 Ke8 37.Nxc6 Nd7 38.Nxd7 Kxd7 39.Nd4 Na8 40.Nf5 Nb6 41.Nxh4 Ke6 42.Nf5 Kf7
43.Kd4 Na4 44.Nd6+ Ke7 45.Nb7  1-0

[Event "CSR-chT"]
[Site "CSR"]
[Date "1992.??.??"]
[Round "?"]
[White "Priehoda, Vitezslav"]
[Black "Babula, Milan"]
[Result "0-1"]
[WhiteElo "2390"]
[BlackElo "2355"]

1.d4 Nf6 2.c4 g6 3.Nc3 Bg7 4.e4 d6 5.Be2 O-O 6.Nf3 e5 7.d5 Na6 8.Bg5 h6 9.Bh4 Qe8
10.Nd2 Bd7 11.O-O Nh7 12.Rb1 Nc5 13.b4 Nxe4 14.Ncxe4 f5 15.f3 fxe4 16.fxe4 Bf6
17.Bf2 Bg5 18.Nf3 Bf4 19.Qc2 Nf6 20.g3 Nxe4 21.gxf4 Nxf2 22.Rxf2 Bf5 23.Qc1 Bxb1
24.Qxb1 Rxf4 25.Rg2 Kg7 26.Nd2 g5 27.Bd3 Qf7 28.Ne4 Rf8 29.Qd1 Kh8 30.Qe2 Rf3
31.Nd2 Rf4 32.Ne4 g4 33.Nf2 h5 34.Be4 b6 35.b5 Qe8 36.Qe3 a6 37.a4 axb5 38.axb5 Qa8
39.h3 Qa1+ 40.Kh2 Qd4 41.Qxd4 exd4 42.Kg1 g3 43.Rxg3 Rxf2  0-1

[Event "CSR-chT"]
[Site "CSR"]
[Date "1992.??.??"]
[Round "?"]
[White "Banas, Jan"]
[Black "Sobek, Jaroslav"]
[Result "0-1"]
[WhiteElo "2385"]
[BlackElo "2280"]

1.c4 Nf6 2.Nc3 g6 3.e4 d6 4.d4 Bg7 5.Be2 O-O 6.Nf3 e5 7.d5 a5 8.Be3 Na6 9.Nd2 Ne8
10.O-O f5 11.exf5 gxf5 12.f4 e4 13.Kh1 Nc5 14.Qc2 Bd7 15.Rg1 Nf6 16.Nb3 Nxb3
17.axb3 Qe7 18.Rae1 Ng4 19.Bxg4 fxg4 20.Qd2 Qf6 21.Re2 Rae8 22.Rf1 Re7 23.Bg1 Rfe8
24.Rfe1 Qf5 25.Bd4 Bxd4 26.Qxd4 Qxf4 27.Nxe4 Re5 28.Kg1 Qh6 29.Rf2 Bf5 30.Rxf5 Rxf5
31.Nf6+ Rxf6 32.Rxe8+ Kf7 33.Re1 Qf4 34.Qe3 Qxe3+ 35.Rxe3 Rf4 36.h3 h5 37.hxg4 hxg4
38.g3 Rd4 39.Kf2 Rd2+ 40.Re2 Rxe2+ 41.Kxe2 Kf6 42.Ke3 Ke5 43.Kd3 c6 44.dxc6 bxc6
45.Kc3 d5 46.b4 d4+  0-1

[Event "CSR-chT"]
[Site "CSR"]
[Date "1992.??.??"]
[Round "?"]
[White "Gross, Stefan"]
[Black "Stratil, Ladislav Jr"]
[Result "1/2-1/2"]
[WhiteElo "2385"]
[BlackElo "2370"]

1.d4 Nf6 2.c4 g6 3.Nc3 Bg7 4.e4 d6 5.Nf3 O-O 6.Be2 e5 7.d5 a5 8.Be3 Ng4 9.Bg5 f6
10.Bh4 Nh6 11.O-O Na6 12.Ne1 Qe8 13.f3 f5 14.Nd3 Bd7 15.b3 b6 16.a3 Nc5 17.Nxc5 bxc5
18.Nb5 Qc8 19.Qd3 Bf6 20.Bf2 Nf7 21.b4 Be7 22.bxc5 dxc5 23.Rab1 Bd6 24.a4 Qd8
25.Qa3 Qe7 26.Nxc7 Bxc7 27.Bxc5 Bd6 28.Bxd6 Qxd6 29.c5 Qc7 30.Bc4 Rfc8 31.c6 Be8
32.exf5 gxf5 33.Rb7 Qd6 34.Qe3 Kh8 35.f4 e4 36.Rfb1 Qf6 37.g4 Nd6 38.g5 Qf8
39.Qc5 Kg8 40.Ba2 Kh8 41.c7 Kg8 42.Rb8 Raxb8 43.Rxb8 Qg7 44.Qxd6  1/2-1/2

[Event "CSR-chT"]
[Site "CSR"]
[Date "1992.??.??"]
[Round "?"]
[White "Hrbolka, Ladislav"]
[Black "Freisler, Pavel"]
[Result "1/2-1/2"]
[WhiteElo "2270"]
[BlackElo "2400"]

1.d4 Nf6 2.c4 d6 3.Nf3 g6 4.Nc3 Bg7 5.e4 O-O 6.Be2 Nbd7 7.O-O e5 8.Re1 c6
9.Bf1 a5 10.dxe5 dxe5 11.Qc2 Qe7 12.Be3 Nc5 13.h3 Nfd7 14.Rad1 Re8 15.Na4 Nxa4
16.Qxa4 Nc5 17.Qa3 Bf8 18.Bd2 Qc7 19.Qc3 f6 20.g3 Ne6 21.a3 a4 22.Be3 c5
23.Nh2 Nd4 24.f4 Bd6 25.Qd2 Be6 26.Kh1 Qc6 27.Qf2 Bf5 28.Bg2 Bxe4 29.Bxe4 Qxe4+
30.Kg1 Qc6 31.Bxd4 cxd4 32.Ng4 Kg7 33.Nxf6 Rf8 34.Ne4 Bc7 35.c5 Rae8 36.Qd2 Qd5
37.Nf2 Qf3 38.Ne4 exf4 39.Qxd4+ Kh6 40.Nf2 Qxg3+ 41.Kf1 Rxe1+ 42.Rxe1 f3
43.Qg4 Rf5 44.Re7 Rxc5 45.Rxh7+ Kxh7 46.Qd7+ Kh6 47.Ng4+ Kg5 48.Qe7+ Kf4
49.Qe3+ Kf5 50.Qxc5+ Be5 51.Qf8+ Ke4 52.Qb4+ Bd4 53.Qxb7+ Kd3 54.Qb5+ Kd2
55.Qg5+ Kd3 56.Qxg6+ Kd2 57.Qg5+ Kd3 58.Qg6+  1/2-1/2

[Event "CSR-chT"]
[Site "CSR"]
[Date "1992.??.??"]
[Round "?"]
[White "Priehoda, Vitezslav"]
[Black "Tibensky, Robert"]
[Result "1-0"]
[WhiteElo "2390"]
[BlackElo "2365"]

1.d4 Nf6 2.c4 g6 3.Nc3 Bg7 4.e4 d6 5.Be2 O-O 6.Nf3 e5 7.d5 Na6 8.Bg5 h6 9.Bh4 Qe8
10.Nd2 Nh7 11.O-O h5 12.f3 Bh6 13.Rb1 Be3+ 14.Bf2 Bxf2+ 15.Rxf2 f5 16.exf5 gxf5
17.b4 Qe7 18.Qb3 Kh8 19.Re1 Bd7 20.c5 Nb8 21.Nc4 Be8 22.Qb2 Rf6 23.Bd3 Qf8
24.Rfe2 Bg6 25.Nb5 Na6 26.c6 bxc6 27.dxc6 Rb8 28.a4 Qg7 29.Ne3 Be8 30.Nxf5 Qf7
31.f4 Rxf5 32.Bxf5 Qxf5 33.fxe5 d5 34.Nd4 Qg6 35.b5 Nc5 36.Qc3 Ne6 37.Nxe6 Qxe6
38.Qa5 Rc8 39.Qxa7 Bg6 40.Qd4 Be4 41.Rxe4 dxe4 42.Rxe4 Rg8 43.Re3 Rg4 44.Qd8+ Rg8
45.Qd4 Rg4 46.Qd8+ Rg8 47.Qd1 h4 48.h3 Qg6 49.Qe2 Rd8 50.Re4 Qg5 51.Qe1 Rd2
52.Rg4 Qd8 53.Qxh4 Qf8 54.Qg3 Re2 55.Qc3 Qf2+ 56.Kh2 Re1 57.Qd4 Qf8 58.Rf4 Qe7
59.e6+ Kg8 60.Rf7 Qg5 61.Rxc7 Rxe6 62.b6 Rg6 63.Qc4+ Kh8 64.Rc8+ Kg7 65.Rg8+ Kh6
66.Rxg6+ Qxg6 67.Qf4+  1-0

[Event "CSR-chT"]
[Site "CSR"]
[Date "1992.??.??"]
[Round "?"]
[White "Zvolanek, Libor"]
[Black "Obsivac, Josef"]
[Result "1-0"]
[WhiteElo "2340"]
[BlackElo "2275"]

1.d4 Nf6 2.c4 g6 3.Nc3 Bg7 4.e4 d6 5.Nf3 O-O 6.Be2 e5 7.O-O Na6 8.Re1 exd4
9.Nxd4 Nc5 10.Bf1 a5 11.Ndb5 Bd7 12.f3 Ne6 13.Be3 Nh5 14.Qd2 Be5 15.g3 g5
16.Bh3 Nhg7 17.f4 gxf4 18.gxf4 Bf6 19.Kh1 Kh8 20.Rg1 Bh4 21.Rad1 f5 22.Bg2 Bc6
23.Nd4 Nxd4 24.Bxd4 Bf6 25.Nd5 Bxd5 26.cxd5 fxe4 27.Bxe4 Bxd4 28.Qxd4 Qf6
29.Qd3 Qh6 30.Rg3 Rxf4 31.Rdg1 Rh4 32.Qc2 Nh5 33.Rf3 Re8 34.Bf5 Qf6 35.Qxc7 Qh6
36.Qc3+ Nf6 37.h3 Re5 38.Be6 Qf8 39.Rxf6 Rxh3+ 40.Qxh3  1-0

[Event "CSR-chT"]
[Site "CSR"]
[Date "1992.??.??"]
[Round "?"]
[White "Zvolanek, Libor"]
[Black "Vrbata, Zbynek"]
[Result "1/2-1/2"]
[WhiteElo "2340"]
[BlackElo "2325"]

1.d4 Nf6 2.c4 g6 3.Nc3 Bg7 4.e4 d6 5.Nf3 O-O 6.Be2 Nbd7 7.O-O e5 8.Re1 exd4
9.Nxd4 Re8 10.Bf1 Nc5 11.f3 Nh5 12.Be3 c6 13.Qd2  1/2-1/2

[Event "CSR-chT"]
[Site "CSR"]
[Date "1992.??.??"]
[Round "?"]
[White "Priehoda, Vitezslav"]
[Black "Freisler, Pavel"]
[Result "1/2-1/2"]
[WhiteElo "2390"]
[BlackElo "2400"]

1.d4 Nf6 2.c4 g6 3.Nc3 Bg7 4.e4 d6 5.Be2 O-O 6.Nf3 e5 7.d5 a5 8.Bg5 h6 9.Bh4 Na6
10.Nd2 Qe8 11.O-O Nh7 12.a3 h5 13.f3 Bh6 14.b4 Bd7 15.bxa5 Be3+ 16.Bf2 Bxf2+
17.Rxf2 Qb8 18.Nb3 Nc5 19.Nxc5 dxc5 20.f4 exf4 21.Rxf4 Rxa5 22.Bxh5 Qe8 23.Be2 Qe5
24.Qd2 Rfa8 25.Raf1 f6 26.Nb1 Kg7 27.Qe3 b6 28.Qg3 Rf8 29.h4 Raa8 30.Bg4 Bxg4
31.Qxg4 Rf7 32.Qf3 Re7 33.Qd3 Rae8 34.Nd2 Ra8 35.R4f3 Qb2 36.Re3 Nf8 37.Rb1 Qe5
38.Nf3 Qf4 39.Rbe1 Nd7 40.Ng5 Qxh4 41.Ne6+ Rxe6 42.dxe6 Ne5 43.Qd5 Re8 44.Qb7  1/2-1/2

[Event "USA-op"]
[Site "Dearborn"]
[Date "1992.??.??"]
[Round "7"]
[White "Strauss, David J"]
[Black "Rogers, Norman"]
[Result "1-0"]
[WhiteElo "2395"]
[BlackElo "2305"]

1.Nf3 Nf6 2.c4 g6 3.Nc3 Bg7 4.e4 d6 5.d4 O-O 6.Be2 Nbd7 7.O-O e5 8.Be3 exd4
9.Nxd4 Nc5 10.f3 a5 11.Qd2 c6 12.Rad1 Nfd7 13.Nb3 Be5 14.Nxc5 Nxc5 15.Bxc5 Qh4
16.f4 Bxc3 17.Qxd6 Bg7 18.g3 Qh6 19.Qc7 Bh3 20.Rf2 Rfc8 21.Qb6 Bf6 22.Bf3 Be6
23.Rfd2 Re8 24.e5 Be7 25.Bxe7 Rxe7 26.Rd8+ Re8 27.Rxa8 Rxa8 28.Qxb7 Qf8 29.Qxc6 Rc8
30.Qd6 Rxc4 31.Qxf8+ Kxf8 32.Bd5 Bxd5 33.Rxd5 Rc2 34.Rxa5 Rxb2 35.Ra7 h5
36.Ra6 Rc2 37.a4 Ke7 38.a5 Ra2 39.Kh1 Kf8 40.Ra7 Kg8 41.a6 Kf8 42.Ra8+ Kg7
43.a7 Kh7 44.h3 Ra3 45.Kg2 Kg7 46.g4 hxg4 47.hxg4 Ra4 48.Kf3 Ra5 49.f5 gxf5
50.gxf5 Kh7 51.e6 Rxf5+ 52.Kg4 fxe6 53.Re8  1-0

[Event "USA-op"]
[Site "Dearborn"]
[Date "1992.??.??"]
[Round "9"]
[White "Basin, Leonid"]
[Black "Rogers, Norman"]
[Result "1-0"]
[WhiteElo "2425"]
[BlackElo "2305"]

1.d4 Nf6 2.Nf3 g6 3.c4 Bg7 4.Nc3 O-O 5.e4 d6 6.Be2 Nbd7 7.O-O e5 8.Be3 Ng4
9.Bg5 f6 10.Bc1 Nh6 11.h3 Nf7 12.Be3 Bh6 13.Bxh6 Nxh6 14.Qc2 c6 15.Rfd1 Qe7
16.c5 dxc5 17.d5 Nf7 18.dxc6 bxc6 19.Rac1 Rb8 20.Na4 Kg7 21.b3 Rd8 22.Rd2 Bb7
23.Rcd1 f5 24.Bc4 Nf6 25.Rxd8 Nxd8 26.exf5 gxf5 27.Rxd8 Qxd8 28.Qc3 Nd5 29.Nxc5  1-0

[Event "USA-op"]
[Site "Dearborn"]
[Date "1992.??.??"]
[Round "12"]
[White "Stone, Raymond"]
[Black "Tsemekhman, Vadim"]
[Result "1-0"]
[WhiteElo "2355"]
[BlackElo "2360"]

1.d4 Nf6 2.Nf3 g6 3.c4 Bg7 4.Nc3 O-O 5.e4 d6 6.Be2 e5 7.O-O Na6 8.Rb1 Qe7
9.Bg5 Qe8 10.dxe5 dxe5 11.b4 Bg4 12.Nd2 Bxe2 13.Qxe2 Qe6 14.Nd5 Rac8 15.Qf3 Nxd5
16.cxd5 Qd7 17.b5 Nb8 18.Nc4 c6 19.dxc6 Qe6 20.Qb3 bxc6 21.b6 axb6 22.Nxb6 Qxb3
23.Rxb3 Rc7 24.Be3 Nd7 25.a4 Rb8 26.Rfb1 Ra7 27.Nxd7 Rxb3 28.Rxb3 Rxd7 29.Rb8+ Bf8
30.Kf1 Kg7 31.Ke2 c5 32.a5 Bd6 33.Rb6 Bf8 34.a6 Ra7 35.Kd3 Rd7+ 36.Kc4 Rd1
37.Kb5 Ra1 38.Kc6 c4 39.Kb7 c3 40.a7 c2 41.a8=Q Rxa8 42.Kxa8 Bc5 43.Rc6 Bxe3
44.fxe3  1-0

[Event "EU-chT (Men)"]
[Site "Debrecen"]
[Date "1992.??.??"]
[Round "1"]
[White "Hulak, Krunoslav"]
[Black "McNab, Colin Anderson"]
[Result "1/2-1/2"]
[WhiteElo "2515"]
[BlackElo "2475"]

1.d4 d6 2.Nf3 g6 3.c4 Nd7 4.Nc3 Bg7 5.e4 e5 6.Be2 Ngf6 7.O-O O-O 8.Re1 c6
9.Bf1 Qe7 10.h3 a5 11.Qc2 exd4 12.Nxd4 Nc5 13.Nf3 Re8 14.Bd3 Nfd7 15.Bg5 Bf6
16.Bxf6 Qxf6 17.Bf1 Ne5 18.Re3 Be6  1/2-1/2

[Event "EU-chT (Men)"]
[Site "Debrecen"]
[Date "1992.??.??"]
[Round "1"]
[White "Chernin, Alexander"]
[Black "Sepp, Olav"]
[Result "1/2-1/2"]
[WhiteElo "2620"]
[BlackElo "2335"]

1.d4 Nf6 2.c4 g6 3.Nc3 Bg7 4.e4 d6 5.Nf3 O-O 6.Be2 e5 7.O-O Na6 8.Re1 Qe8
9.Bf1 Bg4 10.Be3 Bxf3 11.Qxf3 Ng4 12.dxe5 Nxe3 13.Qxe3 Qxe5 14.Rad1 Qa5 15.Rd5 Qb6
16.Qc1  1/2-1/2

[Event "EU-chT (Women)"]
[Site "Debrecen"]
[Date "1992.??.??"]
[Round "1"]
[White "Zayac, Elena"]
[Black "Johansson, Victoria"]
[Result "1-0"]
[WhiteElo "2350"]
[BlackElo "2140"]

1.d4 Nf6 2.c4 g6 3.Nc3 Bg7 4.e4 d6 5.Be2 O-O 6.Nf3 e5 7.d5 Nbd7 8.Bg5 a5
9.Nd2 h6 10.Bh4 Nc5 11.O-O c6 12.b3 Qc7 13.Rc1 Nh7 14.a3 h5 15.f3 Bh6 16.Rb1 Nd7
17.Bf2 Qd8 18.dxc6 bxc6 19.b4 axb4 20.axb4 Ndf6 21.Nb3 Ng5 22.Qd3 Ne6 23.Rfd1 Ne8
24.Qc2 Nf4 25.Bf1 Qf6 26.Ra1 Rxa1 27.Rxa1 h4 28.Ra7 Ne6 29.Qd1 Ng5 30.Be2 Ng7
31.Rc7 Nh5 32.Rxc6 Rd8 33.Nd5 Qe6 34.Bxh4 Bd7 35.Nc5  1-0

[Event "EU-chT (Men)"]
[Site "Debrecen"]
[Date "1992.??.??"]
[Round "1"]
[White "Damaso, Rui"]
[Black "Kupreichik, Viktor D"]
[Result "1-0"]
[WhiteElo "2450"]
[BlackElo "2545"]

1.d4 Nf6 2.Nf3 g6 3.c4 Bg7 4.Nc3 O-O 5.e4 d6 6.Be2 e5 7.d5 a5 8.h3 Na6 9.Be3 Nd7
10.g4 f5 11.gxf5 gxf5 12.Rg1 Kh8 13.Ng5 Ndc5 14.Bh5 fxe4 15.Nf7+ Rxf7 16.Bxf7 Qf6
17.Qh5 Nd3+ 18.Ke2 Nac5 19.Nxe4 Nf4+ 20.Bxf4 Qxf4 21.Bg6 Bh6 22.Ng5 Qxc4+
23.Ke1 Qb4+ 24.Kf1 Qc4+ 25.Ke1 Qb4+ 26.Kf1 Qc4+ 27.Kg2 Kg7 28.Bxh7 Be6 29.Qg6+ Kh8
30.Qxh6 Bxd5+ 31.Be4+ Kg8 32.Kh2  1-0

[Event "EU-chT (Women)"]
[Site "Debrecen"]
[Date "1992.??.??"]
[Round "2"]
[White "Paulauskiene, Vilma"]
[Black "Djeno, Mara"]
[Result "1-0"]
[WhiteElo "2030"]
[BlackElo "2165"]

1.d4 Nf6 2.c4 g6 3.Nc3 Bg7 4.e4 d6 5.Nf3 O-O 6.Be2 e5 7.d5 a5 8.Bg5 h6 9.Be3 Na6
10.h3 b6 11.g4 Nc5 12.Qc2 Ne8 13.Rg1 Kh7 14.O-O-O Bd7 15.Ne1 f5 16.gxf5 gxf5
17.exf5 Bxf5 18.Qd2 a4 19.Nd3 Qe7 20.Nxc5 bxc5 21.Bg4 Bg6 22.Be6 Rf6 23.Rxg6 Rxg6
24.Bf5 Qf6 25.Qc2 a3 26.Rg1 e4 27.Bxg6+ Kh8 28.Nxe4 axb2+ 29.Kb1 Qd8 30.Bxe8 Qxe8
31.Rxg7 Kxg7 32.Qxb2+ Kf7 33.Qf6+ Kg8 34.Qf5 Qa4 35.Qg6+ Kh8 36.Qxh6+ Kg8
37.Qg6+ Kh8 38.Qf6+ Kg8 39.Nc3 Rb8+ 40.Kc1 Qxc4 41.Qg6+ Kh8 42.Qh5+ Kg8 43.Qg4+ Qxg4
44.hxg4 Kg7 45.Kc2 Kf6 46.f4 Ra8 47.Kd3 Ra3 48.Bc1 Ra8 49.Kc4 Rb8 50.Nb5 Ra8
51.a3 Rc8 52.a4 Ke7 53.a5 Kd7 54.g5 Ra8 55.Bd2 c6 56.Na3 Rf8 57.Nc2 cxd5+
58.Kxd5 Rf5+ 59.Ke4 Rf8 60.Ne3 Kc6 61.g6  1-0

[Event "EU-chT (Men)"]
[Site "Debrecen"]
[Date "1992.??.??"]
[Round "3"]
[White "Jelen, Iztok"]
[Black "Rasik, Vitezslav"]
[Result "0-1"]
[WhiteElo "2425"]
[BlackElo "2370"]

1.d4 Nf6 2.c4 g6 3.Nc3 Bg7 4.e4 d6 5.Nf3 O-O 6.Be2 e5 7.O-O exd4 8.Nxd4 Re8
9.f3 c6 10.Kh1 Nbd7 11.Bg5 a5 12.Qd2 a4 13.Rfd1 Qa5 14.Rab1 Nh5 15.Be3 Nf8
16.g4 Nf6 17.Bh6 Bxh6 18.Qxh6 Qe5 19.Qd2 Rd8 20.Re1 Ne6 21.Nxe6 Bxe6 22.f4 Qc5
23.g5 Ng4 24.Bxg4 Bxg4 25.Rf1 Qxc4 26.f5 d5 27.Qg2 Bh5 28.exd5 cxd5 29.Rbe1 a3
30.Re5 Ra5 31.f6 axb2 32.Rfe1 Raa8 33.Nxd5 Qxa2 34.Ne7+ Kh8 35.Rb5 Qa1 36.Qf2 Qxe1+
37.Qxe1 Ra1  0-1

[Event "EU-chT (Men)"]
[Site "Debrecen"]
[Date "1992.??.??"]
[Round "3"]
[White "Gausel, Einar"]
[Black "Yrjola, Jouni"]
[Result "1-0"]
[WhiteElo "2445"]
[BlackElo "2485"]

1.c4 g6 2.d4 Bg7 3.e4 d6 4.Nc3 Nf6 5.Be2 O-O 6.Nf3 e5 7.O-O Na6 8.Be3 c6
9.d5 Ng4 10.Bg5 f6 11.Bd2 f5 12.Ng5 Nf6 13.exf5 gxf5 14.f4 Qe8 15.Kh1 Kh8
16.Be3 h6 17.Nh3 Ng4 18.Bg1 Bd7 19.dxc6 Bxc6 20.Bxg4 fxg4 21.Qxg4 Rg8 22.Nd5 Bxd5
23.cxd5 exf4 24.Nxf4 Be5 25.Qh3 Bxf4 26.Rxf4 Rg6 27.Qc3+ Kg8 28.Re1 Qd7 29.Rf6 Rg7
30.Ree6 Rc8 31.Qh3  1-0

[Event "EU-chT (Men)"]
[Site "Debrecen"]
[Date "1992.??.??"]
[Round "5"]
[White "Defize, Alain"]
[Black "Manninen, Marko"]
[Result "1-0"]
[WhiteElo "2300"]
[BlackElo "2450"]

1.d4 Nf6 2.c4 g6 3.Nc3 Bg7 4.e4 d6 5.Be2 O-O 6.Nf3 e5 7.O-O Na6 8.Re1 c6
9.Bf1 Ng4 10.h3 exd4 11.Nxd4 Qb6 12.hxg4 Qxd4 13.g5 Be6 14.Be3 Qxd1 15.Raxd1 Rfd8
16.Rd2 Nc5 17.Bd4 Be5 18.g3 Bg4 19.f4 Bxd4+ 20.Rxd4 a5 21.Be2 Bxe2 22.Rxe2 Rd7
23.Red2 Rad8 24.Kf2 Kg7 25.Kf3 Ne6 26.R4d3 Nc5 27.Rd4 h6 28.gxh6+ Kxh6 29.Nd1 Kg7
30.Ne3 Ne6 31.R4d3 Nc5 32.Rd4 f6 33.f5 g5 34.Ng4 a4 35.Rh2 Re7 36.Rh6 Nd7
37.Rg6+ Kf8 38.Ke3 d5 39.cxd5 cxd5 40.Rxd5 Rf7 41.Nxf6  1-0

[Event "EU-chT (Men)"]
[Site "Debrecen"]
[Date "1992.??.??"]
[Round "5"]
[White "Tisdall, Jonathan D"]
[Black "Kupreichik, Viktor D"]
[Result "0-1"]
[WhiteElo "2455"]
[BlackElo "2545"]

1.Nf3 Nf6 2.c4 g6 3.Nc3 Bg7 4.e4 O-O 5.d4 d6 6.Be2 e5 7.Be3 c6 8.Qd2 exd4
9.Nxd4 Re8 10.f3 d5 11.exd5 cxd5 12.O-O Nc6 13.c5 Qe7 14.Bf2 Be6 15.Rfe1 Red8
16.Ncb5 Nxd4 17.Nxd4 Nd7 18.Rac1 Ne5 19.Nxe6 Qxe6 20.f4 Nc6 21.Bf3 Qf6 22.b4 a6
23.a4 a5 24.b5 Nb4 25.Re2 Rac8 26.Bg4 Rc7 27.Rce1 h5 28.Re8+ Rxe8 29.Rxe8+ Kh7
30.b6 Re7 31.Rxe7 Qxe7 32.Bc8 d4 33.c6 Nxc6 34.Qe1 Qc5 35.Bxb7 Nb4 36.Bf3 Qxb6
37.Qe4 Qc7 38.h4 f5 39.Qa8 Qxf4 40.Qxa5 Nd3 41.Be1 Bf6 42.Bd2 Qxh4 43.Qc7+ Bg7
44.g3 Qh3 45.Be2 h4 46.gxh4 Ne5 47.Bf4 Qxh4  0-1

[Event "EU-chT (Women)"]
[Site "Debrecen"]
[Date "1992.??.??"]
[Round "6"]
[White "Koen, Maja"]
[Black "Johansson, Victoria"]
[Result "1-0"]
[WhiteElo "2255"]
[BlackElo "2140"]

1.d4 Nf6 2.c4 g6 3.Nc3 Bg7 4.e4 d6 5.Nf3 O-O 6.Be2 e5 7.d5 a5 8.h3 Nh5 9.g3 f5
10.exf5 gxf5 11.Ng5 Nf6 12.g4 Qe7 13.Qc2 Ne8 14.Bd2 Na6 15.O-O-O Nc5 16.Rdg1 h6
17.Ne6 Nxe6 18.dxe6 Bxe6 19.g5 hxg5 20.Bxg5 Qd7 21.h4 Nf6 22.h5 Kf7 23.Qd2 Ke7
24.Bh4 Kd8 25.Rg6 Qf7 26.Rhg1 Bh8 27.h6 Kc8 28.Qg5 Nh7 29.Qe7 Qxe7 30.Bxe7 Re8
31.Bh4 Kd7 32.Nd5 c6 33.Nb6+ Kc7 34.Nxa8+ Rxa8 35.Rxe6 Kb6 36.Re7 Nf6 37.Bxf6 Bxf6
38.Rf7 Bh4 39.Rgg7  1-0

[Event "EU-chT (Men)"]
[Site "Debrecen"]
[Date "1992.??.??"]
[Round "7"]
[White "Janjgava, Lasha"]
[Black "Van Wely, Loek"]
[Result "1/2-1/2"]
[WhiteElo "2485"]
[BlackElo "2560"]

1.d4 Nf6 2.c4 g6 3.Nc3 Bg7 4.e4 d6 5.Be2 O-O 6.Nf3 e5 7.Be3 Ng4 8.Bg5 f6
9.Bh4 Nc6 10.dxe5 dxe5 11.O-O h5 12.Bg3 Nh6 13.h3 Nf7 14.Qb3 Ng5 15.Nxg5 Nd4
16.Qd1 fxg5 17.Nb5 Ne6 18.Qxd8 Rxd8 19.Rfd1 Bd7 20.f3 Kf7 21.Bf1 b6 22.Rd3 c6
23.Rad1 Ke7 24.Nc3 Be8 25.Rxd8 Rxd8 26.Rxd8 Kxd8 27.Ne2 Bf7 28.Nc1 Nf4 29.b3 Bf8
30.Nd3 Bd6 31.Be1 Ke7  1/2-1/2

[Event "EU-chT (Men)"]
[Site "Debrecen"]
[Date "1992.??.??"]
[Round "8"]
[White "Pinter, Jozsef"]
[Black "Apicella, Manuel"]
[Result "1-0"]
[WhiteElo "2580"]
[BlackElo "2435"]

1.d4 Nf6 2.c4 g6 3.Nc3 Bg7 4.e4 d6 5.Be2 O-O 6.Nf3 e5 7.O-O Na6 8.Re1 c6
9.Bf1 exd4 10.Nxd4 Ng4 11.h3 Qb6 12.hxg4 Qxd4 13.g5 Nc5 14.Bf4 Qxd1 15.Raxd1 Be5
16.g3 Re8 17.Rxd6 Bxd6 18.Bxd6 b6 19.f4 Rd8 20.e5 Bf5 21.Bg2 Rac8 22.b4 Ne6
23.Kf2 Kg7 24.Bf3 c5 25.b5 Rxd6 26.exd6 Rd8 27.Nd5 Rxd6 28.Re3 h6 29.gxh6+ Kxh6
30.Ra3 Rd7 31.g4 Bb1 32.g5+ Kg7 33.Bg4 Bf5 34.Bxf5 gxf5 35.Rh3 Rd8 36.a4 Nd4
37.Re3 Ne6 38.Kg3 Rh8 39.Re1 Rh5 40.a5 bxa5 41.Ra1 Nd4 42.Rxa5 Rh1 43.Rxa7 Rg1+
44.Kf2 Rc1 45.Ra8 Ne6 46.b6 Rb1 47.Nf6 Nf8 48.Rb8  1-0

[Event "EU-chT (Women)"]
[Site "Debrecen"]
[Date "1992.??.??"]
[Round "9"]
[White "Johansson, Victoria"]
[Black "Cooper, Deborah"]
[Result "1-0"]
[WhiteElo "2140"]
[BlackElo "2150"]

1.d4 Nf6 2.c4 g6 3.Nc3 Bg7 4.e4 d6 5.Nf3 O-O 6.Be2 e5 7.O-O Qe8 8.d5 Na6
9.Nd2 c6 10.a3 Nc7 11.b4 a5 12.Rb1 axb4 13.axb4 b5 14.Qb3 Bd7 15.Rd1 Qb8
16.Bb2 Rd8 17.Rbc1 Qb6 18.c5 dxc5 19.bxc5 Qxc5 20.Nxb5 Qb6 21.Nxc7 Qxc7 22.Qc2 Rdc8
23.d6 Qxd6 24.Nc4 Qe7 25.Nb6 Rcb8 26.Nxa8 Rxa8 27.Ra1 Rb8 28.Ra7 Qe8 29.Bc4 Be6
30.Bxe5 Bxc4 31.Qxc4 Rb5 32.Bxf6 Bxf6 33.g3 Re5 34.Qa2 Kg7 35.Rdd7 Re7 36.Rxe7 Bxe7
37.Qb2+ Bf6 38.Qb3 Bd4 39.Rb7 c5 40.Qf3 Qe6 41.Kg2 Qa2 42.Re7 Kf8 43.Rc7 Qe6
44.Qd3 Qa2 45.Qf3 Kg7 46.Rc6 Qa7 47.Qe2 Qb7 48.Rd6 Qe7 49.Rd5 Qb7 50.f4 f5
51.Qf3 Qb2+ 52.Kh3 fxe4 53.Qxe4 Bg1 54.Qe7+ Kh6 55.Qg5+ Kg7 56.Rd7+ Kf8 57.Qd8+  1-0

[Event "EU-chT (Men)"]
[Site "Debrecen"]
[Date "1992.??.??"]
[Round "9"]
[White "Cramling, Pia"]
[Black "Grivas, Efstratios"]
[Result "1/2-1/2"]
[WhiteElo "2530"]
[BlackElo "2465"]

1.d4 Nf6 2.c4 g6 3.Nc3 Bg7 4.e4 d6 5.Nf3 O-O 6.Be2 e5 7.dxe5 dxe5 8.Qxd8 Rxd8
9.Bg5 Re8 10.Nd5 Nxd5 11.cxd5 c6 12.Bc4 cxd5 13.Bxd5 Nd7 14.Nd2 Nc5 15.O-O-O Ne6
16.Be3 Nf4 17.Bxf4 exf4 18.f3 Be6 19.Nb3 Bxd5 20.Rxd5 f5 21.exf5 Rac8+ 22.Kb1 Re2
23.f6 Bxf6 24.Rd2 Re7  1/2-1/2

[Event "DEN-ch"]
[Site "?"]
[Date "1992.??.??"]
[Round "1"]
[White "Hansen, Sune Berg"]
[Black "Schandorff, Lars"]
[Result "1/2-1/2"]
[WhiteElo "2370"]
[BlackElo "2435"]

1.d4 Nf6 2.c4 g6 3.Nc3 Bg7 4.e4 d6 5.Be2 O-O 6.Nf3 e5 7.O-O Na6 8.Rb1 c6
9.b4 exd4 10.Nxd4 Re8 11.f3 Nc7 12.Kh1 Nh5 13.g4 Qf6 14.gxh5 Qxd4 15.Bb2 Bh3
16.hxg6 hxg6 17.Qxd4 Bxd4 18.Rfd1 Be5 19.Bf1 Bxf1 20.Rxf1 Ne6 21.Ne2 a5 22.b5 Rec8
23.Rfc1 Kf8  1/2-1/2

[Event "DEN-ch"]
[Site "?"]
[Date "1992.??.??"]
[Round "8"]
[White "Hansen, Lars Bo"]
[Black "Hoi, Carsten"]
[Result "1-0"]
[WhiteElo "2530"]
[BlackElo "2445"]

1.c4 Nf6 2.Nc3 g6 3.d4 Bg7 4.e4 d6 5.Be2 O-O 6.Be3 e5 7.Nf3 Qe7 8.dxe5 dxe5
9.Nd5 Qd8 10.Bc5 Nxe4 11.Be7 Qd7 12.Bxf8 Kxf8 13.Qd3 Nc5 14.Qa3 b6 15.Rd1 Bb7
16.Ng5 Bxd5 17.cxd5 Qe7 18.Qe3 Nbd7 19.O-O h6 20.Ne4 Nxe4 21.Qxe4 Qd6 22.Bb5 Nc5
23.Qc4 a5 24.Bc6 Rd8 25.a3 Ne6 26.Rfe1 Nd4 27.b4 axb4 28.axb4 h5 29.b5 Bf6
30.Rc1 Bg5 31.Ra1 h4 32.h3 f5 33.Ra8 Rxa8 34.Bxa8 Bd8 35.Bb7 g5 36.Bc8 Kg7
37.Ra1 Kf6 38.Bb7 Kg7 39.Ra8 Kf6 40.Qd3 Kg7 41.Bc6 Bf6 42.Qd1 Qc5 43.Rc8 e4
44.Rxc7+ Kh6 45.Ra7 e3 46.fxe3 Nc2 47.Kh1 Nxe3 48.Qe1 Be5 49.Ra2 Qd4 50.Qg1 Bd6
51.Qa1 Qxa1+ 52.Rxa1 Kg7 53.Rc1 Kf6 54.Kg1 Ke5 55.Kf2 f4 56.Kf3 Be7 57.Ra1 Bc5
58.Ra8 Nxd5 59.Bxd5 Kxd5 60.Rg8 Be7 61.Rg7 Bf6 62.Rc7 Bd4 63.Kg4 Be3 64.Rc6  1-0

[Event "DEN-chB"]
[Site "?"]
[Date "1992.??.??"]
[Round "1"]
[White "Aagaard, Jacob"]
[Black "Nordenbaek, Jan"]
[Result "1-0"]
[WhiteElo "2250"]
[BlackElo "2215"]

1.d4 Nf6 2.c4 g6 3.Nc3 Bg7 4.e4 d6 5.Be2 O-O 6.Nf3 e5 7.O-O exd4 8.Nxd4 Re8
9.f3 c6 10.Kh1 Nbd7 11.Nc2 Nb6 12.Bg5 Be6 13.b3 h6 14.Be3 d5 15.exd5 cxd5
16.c5 Nbd7 17.Bd4 Rc8 18.Nb5 Nxc5 19.Nxa7 Rc7 20.Nb5 Rc8 21.Na7 Rc7 22.Nb5 Rc8
23.b4 Na6 24.Na7 Rxc2 25.Qxc2 Nxb4 26.Qa4 Nc6 27.Nxc6 bxc6 28.Qxc6 Bd7 29.Qc2 Nh5
30.Rad1 Qh4 31.Bf2 Qg5 32.Rfe1 Be5 33.g3 Nxg3+ 34.Bxg3 Bxg3 35.Rg1 Qe3 36.Rxg3 Qxe2
37.Rxg6+ fxg6 38.Qxg6+ Kh8 39.Qxh6+ Kg8 40.Rg1+ Kf7 41.Rg7+  1-0